| 000 | 00746cam a2200265 a 4500 | ||
|---|---|---|---|
| 008 | |||
| 020 | _a0750646438(pbk) | ||
| 049 | _aMAIN | ||
| 050 | 0 | 0 |
_aTK7871.58.O6 _bCLA |
| 100 | 1 | _aClayton, George. | |
| 245 | 1 | 0 |
_aOperational amplifiers / _cGeorge Clayton and Steve Winder. |
| 250 | _a4th ed. | ||
| 260 |
_aOxford : _bNewnes, _c2000. |
||
| 300 |
_a387 p. : _bill. ; _c25 cm. |
||
| 500 | _a3rd ed. | ||
| 504 | _aIncludes bibliographical references and index. | ||
| 650 | 0 | _aOperational amplifiers. | |
| 650 | 0 | _aElectronic measurements. | |
| 700 | 1 | _aWinder, Steve. | |
| 907 |
_a.b10212450 _b14-06-13 _c30-08-06 |
||
| 003 | |||
| 005 | 20230123134240.0 | ||
| 040 | _cNUST | ||
| 942 | _cBOOKS | ||
| 999 |
_c162609 _d162609 |
||